000 00811nas a2200301 4500
001 BR8905042
003 BR-BrBNA
005 20231205091732.0
007 ta
008 230509b bl.|||p| |||| 00| 00por d
040 _aBR-BrBNA
_bpor
_cBiblioteca Nacional de Agricultura
041 _a(Pt)
072 _aF40; P40; L20
100 1 _aSilva, M.S. e
245 1 _aA mata da Serra do Subaio
650 _aECOLOGIA FLORESTAL
650 _aCLIMA
650 _aVEGETACAO
650 _aGEOLOGIA
650 _aRELEVO
650 _aHIDROGRAFIA
650 _aFAUNA SILVESTRE
650 _aPRESERVACAO DA NATUREZA
650 _aSERRA DO SUBAIO
773 0 _tBoletim FBCN (Brazil)
_xISSN 0101-2495
_g(1987), v. 22 p. 71-78
_wBR8905042
909 _a202311
_bLúcia
_c55
_dLúcia Elande
942 _2AGRIS
_n0
_cANA
999 _c126993
_d126993